[Event "Bampada Balasore op 2nd"]
[Site "Bampada"]
[Date "2017.05.08"]
[Round "6"]
[White "Samal, Ansuman"]
[Black "Rajesh, Kumar Nayak"]
[Result "1-0"]
[WhiteElo "1803"]
[BlackElo "1649"]
[PlyCount "61"]
[EventDate "2017.05.05"]
[EventType "swiss"]
[EventRounds "9"]
[EventCountry "IND"]
[SourceTitle "CBM 178 Extra"]
[Source "ChessBase"]
[SourceDate "2017.06.22"]
[SourceVersion "1"]
[SourceVersionDate "2017.06.22"]
[SourceQuality "1"]

1. e4 e5 2. d4 d6 3. Nc3 exd4 4. Qxd4 Nc6 5. Qe3 Nf6 6. Bd2 Be6 7. 0-0-0 Ne5 8. f4 Nc4 9. Bxc4 Bxc4 10. e5 Ng4 11. Qe4 Be6 12. f5 Nf2 13. Qf3 Nxd1 14. fxe6 fxe6 15. Nxd1 d5 16. Nh3 Qd7 17. Ng5 g6 18. Qg4 0-0-0 19. Qxe6 Qxe6 20. Nxe6 Re8 21. Ng5 Bg7 22. Nf3 Rhf8 23. Re1 c5 24. Nc3 d4 25. Ne4 Re7 26. Bg5 Rc7 27. e6 Rc6 28. Be7 Rf4 29. Nd6+ Kb8 30. Kd1 Rc7 31. Bg5 1-0

[Event "Bhubaneswar Pillai Memorial"]
[Site "Bhubaneswar"]
[Date "2016.11.23"]
[Round "8"]
[White "Rajesh, Kumar Nayak"]
[Black "Routray, Priyanka"]
[Result "1-0"]
[WhiteElo "1677"]
[BlackElo "1496"]
[PlyCount "90"]
[EventDate "2016.11.20"]
[EventType "swiss"]
[EventRounds "11"]
[EventCountry "IND"]
[SourceTitle "CBM 175 Extra"]
[Source "ChessBase"]
[SourceDate "2016.12.12"]
[SourceVersion "1"]
[SourceVersionDate "2016.12.12"]
[SourceQuality "1"]

1. e4 e5 2. Nf3 Nc6 3. c3 Nf6 4. d4 d6 5. Bg5 Be7 6. Bxf6 Bxf6 7. d5 Ne7 8. Bb5+ Bd7 9. Bxd7+ Qxd7 10. Nbd2 Ng6 11. g3 0-0 12. Nc4 a5 13. Ne3 Qb5 14. Qe2 Qxe2+ 15. Kxe2 b5 16. h4 Ne7 17. a4 Rfb8 18. axb5 Rxb5 19. Ra2 h6 20. Rha1 Rab8 21. Nc4 c6 22. dxc6 Nxc6 23. Nxd6 Rxb2+ 24. Nd2 Rxa2 25. Rxa2 Be7 26. N2c4 Bxd6 27. Nxd6 g6 28. Nc4 Kf8 29. Kd3 Rd8+ 30. Kc2 Rb8 31. Ra1 Rb5 32. Rd1 Rc5 33. Kd3 f5 34. f3 fxe4+ 35. fxe4 Rb5 36. Ne3 Rb2 37. Rf1+ Kg7 38. Nc2 Nd8 39. Ne3 Nc6 40. Ra1 Rf2 41. Rb1 Rf6 42. Rb5 a4 43. Rb6 Nd8 44. Ra6 Nb7 45. Rc6 Rd6+ 1-0